[Event "BRA-ch 88th"]
[Site "Recife"]
[Date "2022.12.18"]
[Round "5"]
[White "Asfora, Marco Antonio Hazin"]
[Black "Naief Moreira, Cleber"]
[Result "1/2-1/2"]
[WhiteElo "2191"]
[BlackElo "1920"]
[PlyCount "66"]
[EventDate "2022.12.15"]
[EventType "swiss"]
[EventRounds "11"]
[EventCountry "BRA"]
[SourceTitle "CBM 212 Extra"]
[Source "ChessBase"]
[SourceDate "2023.03.31"]
[SourceVersion "1"]
[SourceVersionDate "2023.03.31"]
[SourceQuality "1"]

1. c4 Nf6 2. Nf3 g6 3. Nc3 Bg7 4. g3 0-0 5. Bg2 d6 6. d4 Nbd7 7. 0-0 e5 8. e3 Qe7 9. b3 c6 10. Ba3 Rd8 11. Qc2 c5 12. Rad1 Rb8 13. Rfe1 b6 14. Nb5 e4 15. Nd2 Re8 16. Nxa7 Bb7 17. Nb5 Ng4 18. h3 Nh6 19. Bb2 f5 20. Nf1 Nf7 21. a3 Rbc8 22. Qe2 Ba6 23. Nc3 Nf6 24. Qd2 Red8 25. f4 exf3 26. Bxf3 Ng5 27. Bg2 Bb7 28. d5 Bh6 29. Qc2 Re8 30. Ne2 Rc7 31. Nf4 Bc8 32. Kh2 Nge4 33. Re2 g5 1/2-1/2

[Event "Joao Pessoa de Assis Memorial 1st"]
[Site "Joao Pessoa"]
[Date "2019.11.16"]
[Round "4"]
[White "Dornelles, Marcio Neron Camarg"]
[Black "Asfora, Marco Antonio Hazin"]
[Result "1/2-1/2"]
[WhiteElo "1962"]
[BlackElo "2210"]
[PlyCount "88"]
[EventDate "2019.11.15"]
[EventType "swiss"]
[EventRounds "6"]
[EventCountry "BRA"]
[SourceTitle "CBM 193 Extra"]
[Source "ChessBase"]
[SourceDate "2020.01.31"]
[SourceVersion "1"]
[SourceVersionDate "2020.01.31"]
[SourceQuality "1"]

1. d4 Nf6 2. c4 g6 3. Nc3 Bg7 4. e4 d6 5. Nf3 0-0 6. Be2 e5 7. d5 Nbd7 8. Bg5 h6 9. Bh4 a5 10. Nd2 Nc5 11. 0-0 Bd7 12. b3 Qe8 13. a3 b6 14. Qc2 Nh7 15. b4 Nb7 16. Rab1 f5 17. f3 f4 18. Nb5 Bxb5 19. cxb5 Rf7 20. Qc6 Qc8 21. Rfc1 g5 22. Bf2 Nd8 23. Qc3 Qd7 24. Nc4 axb4 25. Qxb4 Rb8 26. a4 Bf6 27. a5 bxa5 28. Nxa5 Rg7 29. b6 cxb6 30. Bxb6 h5 31. Nc6 Ra8 32. Nxd8 Bxd8 33. Bxd8 Rxd8 34. Rc6 g4 35. Qb6 Ng5 36. Kh1 gxf3 37. Bxf3 Nxf3 38. gxf3 Ra8 39. Rg1 Rxg1+ 40. Qxg1+ Kh7 41. Qg5 Ra1+ 42. Kg2 Ra2+ 43. Kh1 Ra1+ 44. Kg2 Ra2+ 1/2-1/2

[Event "Recife Arraes Memorial 10th"]
[Site "Recife"]
[Date "2017.10.08"]
[Round "5"]
[White "Asfora, Marco Antonio Hazin"]
[Black "Do Nascimento, Christian Almeida"]
[Result "1-0"]
[WhiteElo "2206"]
[BlackElo "2019"]
[PlyCount "94"]
[EventDate "2017.10.06"]
[EventType "swiss"]
[EventRounds "6"]
[EventCountry "BRA"]
[SourceTitle "CBM 181 Extra"]
[Source "ChessBase"]
[SourceDate "2017.12.12"]
[SourceVersion "1"]
[SourceVersionDate "2017.12.12"]
[SourceQuality "1"]

1. Nf3 Nf6 2. c4 c5 3. Nc3 g6 4. g3 Bg7 5. Bg2 0-0 6. 0-0 Nc6 7. d3 d6 8. Bd2 Rb8 9. Ne1 Be6 10. e4 Qd7 11. Nc2 Bh3 12. Qe2 Bxg2 13. Kxg2 a6 14. a4 Rfe8 15. h3 Nd4 16. Nxd4 cxd4 17. Nd5 b5 18. Nxf6+ Bxf6 19. cxb5 axb5 20. a5 b4 21. Rfc1 Rb5 22. Rc4 Reb8 23. a6 Qa7 24. Qd1 R5b6 25. Qa4 Ra8 26. Rc6 Rbb8 27. b3 Qd7 28. Rb6 Qc7 29. Rxb8+ Qxb8 30. Qxb4 Qd8 31. Qa5 Qb8 32. b4 e6 33. a7 Qe8 34. b5 Qc8 35. Rc1 Qd7 36. b6 Bd8 37. Qa6 Bxb6 38. Qxb6 Rxa7 39. Qc6 Qe7 40. Bh6 Qd8 41. Qxd6 Rd7 42. Qe5 f6 43. Qxe6+ Kh8 44. Rc6 g5 45. Qxf6+ Kg8 46. Qxg5+ Kh8 47. Qxd8+ Rxd8 1-0

[Event "Recife Arraes Memorial 10th"]
[Site "Recife"]
[Date "2017.10.06"]
[Round "1"]
[White "Asfora, Marco Antonio Hazin"]
[Black "Da Costa, Ozenildo Jose"]
[Result "1-0"]
[WhiteElo "2206"]
[BlackElo "1699"]
[PlyCount "57"]
[EventDate "2017.10.06"]
[EventType "swiss"]
[EventRounds "6"]
[EventCountry "BRA"]
[SourceTitle "CBM 181 Extra"]
[Source "ChessBase"]
[SourceDate "2017.12.12"]
[SourceVersion "1"]
[SourceVersionDate "2017.12.12"]
[SourceQuality "1"]

1. e4 e5 2. Nf3 Nc6 3. Bb5 a6 4. Ba4 Nf6 5. Nc3 b5 6. Bb3 d6 7. Ng5 d5 8. exd5 Nd4 9. d3 h6 10. Nge4 Be7 11. 0-0 0-0 12. f4 exf4 13. Bxf4 Bb7 14. Nxf6+ Bxf6 15. Ne4 Be7 16. c4 f5 17. Nc3 c6 18. d6 Bg5 19. c5+ Kh7 20. Ne2 Nxe2+ 21. Qxe2 Re8 22. Qh5 Bxf4 23. Qxf5+ Kh8 24. Qxf4 Bc8 25. Rae1 Bd7 26. Re4 Rxe4 27. dxe4 Qc8 28. Qf7 Bg4 29. e5 1-0

[Event "Recife Arraes Memorial 10th"]
[Site "Recife"]
[Date "2017.10.06"]
[Round "2"]
[White "Nunes, Marcelo Basilio"]
[Black "Asfora, Marco Antonio Hazin"]
[Result "0-1"]
[WhiteElo "1968"]
[BlackElo "2206"]
[PlyCount "120"]
[EventDate "2017.10.06"]
[EventType "swiss"]
[EventRounds "6"]
[EventCountry "BRA"]
[SourceTitle "CBM 181 Extra"]
[Source "ChessBase"]
[SourceDate "2017.12.12"]
[SourceVersion "1"]
[SourceVersionDate "2017.12.12"]
[SourceQuality "1"]

1. Nf3 d5 2. d4 Nf6 3. e3 e6 4. Bd3 c5 5. b3 Nc6 6. 0-0 Be7 7. Nbd2 0-0 8. Bb2 b6 9. a3 Bb7 10. Qe2 Rc8 11. Rfd1 cxd4 12. exd4 Qc7 13. g3 h6 14. Rac1 Rfe8 15. c4 Bf8 16. Ne5 Qd8 17. c5 bxc5 18. Nxc6 Bxc6 19. dxc5 d4 20. b4 Ba8 21. Ne4 e5 22. Nxf6+ Qxf6 23. Be4 Bxe4 24. Qxe4 Qc6 25. Qxc6 Rxc6 26. Re1 Rcc8 27. Kf1 a5 28. Rc4 axb4 29. axb4 Rb8 30. Rb1 f6 31. Bc1 Rb5 32. Ra1 Reb8 33. Bd2 Kf7 34. Ra6 Rc8 35. Ke2 Rbb8 36. Kd3 Ra8 37. Rb6 Ra3+ 38. Ke2 Rb3 39. c6 Bd6 40. c7 Ke7 41. Rb7 Kd7 42. b5 Rxc7 43. Rcxc7+ Bxc7 44. Ba5 Rb2+ 45. Kf1 Kd6 46. Bxc7+ Kd5 47. Ra7 Rxb5 48. Ra5 Rxa5 49. Bxa5 Ke4 50. Ke2 d3+ 51. Kd2 Kf3 52. Bb6 e4 53. h4 g5 54. hxg5 fxg5 55. Be3 h5 56. Bxg5 Kxf2 57. Bh4 Kf3 58. Ke1 e3 59. Kd1 d2 60. Bg5 Kf2 0-1

[Event "Recife Regiao op"]
[Site "Recife"]
[Date "2014.11.01"]
[Round "5"]
[White "Asfora, Marco Antonio Hazin"]
[Black "Galindo, Tome H Brasil"]
[Result "1-0"]
[WhiteElo "2201"]
[BlackElo "2053"]
[PlyCount "97"]
[EventDate "2014.10.30"]
[EventType "swiss"]
[EventRounds "7"]
[EventCountry "BRA"]
[SourceTitle "EXT 2015"]
[Source "ChessBase"]
[SourceDate "2014.11.20"]
[SourceVersion "1"]
[SourceVersionDate "2014.11.20"]
[SourceQuality "1"]

1. Nf3 d5 2. g3 Nf6 3. Bg2 e6 4. d3 Be7 5. 0-0 0-0 6. Nbd2 Nbd7 7. Re1 c6 8. e4 dxe4 9. dxe4 Nb6 10. Qe2 Qc7 11. b3 Nfd7 12. Bb2 Rd8 13. Nf1 Bf6 14. e5 Be7 15. a3 Nf8 16. h4 c5 17. c4 Bd7 18. h5 Bc6 19. a4 Rac8 20. N1h2 Rd7 21. Ng4 Rcd8 22. Red1 Na8 23. Bc3 Qb8 24. h6 g6 25. Rxd7 Rxd7 26. Rd1 Qd8 27. Rxd7 Nxd7 28. Qd3 Nc7 29. Nd2 Bxg2 30. Kxg2 Nb8 31. Qxd8+ Bxd8 32. Ne4 Be7 33. Ngf6+ Bxf6 34. Nxf6+ Kh8 35. Kf3 Nc6 36. Ke4 b6 37. f4 Ne7 38. g4 Nc6 39. Bd2 Na6 40. Bc3 Ne7 41. g5 Nc6 42. Nd7 Nc7 43. a5 Na8 44. axb6 axb6 45. Kd3 Kg8 46. Kc2 Ne7 47. b4 cxb4 48. Bxb4 Nc6 49. Nf6+ 1-0

[Event "Recife Regiao op"]
[Site "Recife"]
[Date "2014.10.30"]
[Round "1"]
[White "Asfora, Marco Antonio Hazin"]
[Black "Hiramine, Rodrigo Yoshio Ferr"]
[Result "1-0"]
[WhiteElo "2201"]
[BlackElo "1968"]
[PlyCount "57"]
[EventDate "2014.10.30"]
[EventType "swiss"]
[EventRounds "7"]
[EventCountry "BRA"]
[SourceTitle "EXT 2015"]
[Source "ChessBase"]
[SourceDate "2014.11.20"]
[SourceVersion "1"]
[SourceVersionDate "2014.11.20"]
[SourceQuality "1"]

1. b3 Nf6 2. Bb2 e6 3. f4 c5 4. e3 Be7 5. Nf3 Nc6 6. Bb5 Qc7 7. 0-0 a6 8. Bxc6 Qxc6 9. d3 b5 10. Nbd2 Bb7 11. Qe2 d5 12. Rae1 0-0 13. Ne5 Qb6 14. Kh1 Rfd8 15. Ndf3 h6 16. Qf2 Rac8 17. Qg3 c4 18. Bd4 Bc5 19. Nxc4 dxc4 20. Bxf6 Bf8 21. Bxd8 Qxd8 22. bxc4 bxc4 23. Rd1 Qa5 24. Rb1 cxd3 25. cxd3 Bd5 26. e4 Bxa2 27. Ra1 Rc2 28. Rf2 Bb3 29. Rxa5 1-0

[Event "Joao Pessoa op 5th"]
[Site "Joao Pessoa"]
[Date "2014.03.15"]
[Round "3"]
[White "Asfora, Marco Antonio Hazin"]
[Black "Lemos, Doriedson"]
[Result "1/2-1/2"]
[WhiteElo "2215"]
[BlackElo "2004"]
[PlyCount "98"]
[EventDate "2014.03.14"]
[EventType "swiss"]
[EventRounds "6"]
[EventCountry "BRA"]
[SourceTitle "CBM 159 Extra"]
[Source "ChessBase"]
[SourceDate "2014.04.24"]
[SourceVersion "1"]
[SourceVersionDate "2014.04.24"]
[SourceQuality "1"]

1. c4 c5 2. Nc3 b6 3. Nf3 Bb7 4. e3 Nf6 5. d4 e6 6. d5 d6 7. e4 e5 8. Be2 Be7 9. 0-0 0-0 10. Ne1 Nbd7 11. Nd3 Ne8 12. f4 exf4 13. Bxf4 Bg5 14. Bg3 Qe7 15. Bf3 Ne5 16. Nxe5 dxe5 17. Qe2 Ba6 18. b3 Nd6 19. Kh1 g6 20. a4 Bf6 21. Nb5 Bxb5 22. axb5 Rac8 23. Ra3 Rc7 24. Rfa1 Rb8 25. Bg4 Rbb7 26. R3a2 h5 27. Bh3 Bh4 28. Be1 Bxe1 29. Rxe1 Qh4 30. Qf2 Qg5 31. g3 Re7 32. Rae2 Rec7 33. Qe3 Qxe3 34. Rxe3 Kg7 35. Rf1 Re7 36. g4 hxg4 37. Bxg4 Rb8 38. Re2 Rf8 39. Bh3 f5 40. exf5 gxf5 41. Rg2+ Kf6 42. Bxf5 Nxf5 43. Rxf5+ Kxf5 44. Rf2+ Ke4 45. Rxf8 Kd3 46. Rf3+ Ke2 47. Rf6 Rg7 48. Re6 Kf2 49. Rf6+ Ke3 1/2-1/2

[Event "Recife"]
[Site "Recife"]
[Date "2013.08.17"]
[Round "3"]
[White "Pingas, Blas Mariano"]
[Black "Asfora, Marco Antonio Hazin"]
[Result "1/2-1/2"]
[WhiteElo "2259"]
[BlackElo "2225"]
[PlyCount "185"]
[EventDate "2013.08.15"]
[EventType "tourn"]
[EventRounds "9"]
[EventCountry "BRA"]
[EventCategory "1"]
[SourceTitle "CBM 156 Extra"]
[Source "ChessBase"]
[SourceDate "2013.10.22"]
[SourceVersion "1"]
[SourceVersionDate "2013.10.22"]
[SourceQuality "1"]

1. e4 e5 2. Nf3 Nc6 3. Bb5 a6 4. Ba4 Nf6 5. d3 d6 6. c3 Be7 7. h3 0-0 8. 0-0 b5 9. Bc2 Bb7 10. Re1 Nb8 11. Nbd2 Nbd7 12. Nf1 c5 13. Ng3 g6 14. Bh6 Re8 15. Qd2 Bf8 16. Rad1 Qe7 17. Bxf8 Nxf8 18. d4 Rad8 19. d5 Kh8 20. c4 Qc7 21. Rc1 Bc8 22. cxb5 axb5 23. a4 bxa4 24. Bxa4 Bd7 25. Bxd7 Qxd7 26. b4 cxb4 27. Qxb4 Rb8 28. Qa3 Ra8 29. Qe3 Rec8 30. Ng5 h6 31. Rxc8 Rxc8 32. Nf3 Kh7 33. Ra1 Qc7 34. Ra6 Ne8 35. Kh2 Kg7 36. Nh4 Qc1 37. Qxc1 Rxc1 38. Nf3 Rc2 39. Kg1 Rc1+ 40. Nf1 Nd7 41. N3d2 f5 42. f3 Kf8 43. Kf2 Nc5 44. Ra3 Nf6 45. exf5 gxf5 46. Ne3 f4 47. Nf5 Nxd5 48. Ra8+ Kf7 49. Nxd6+ Ke6 50. N6e4 Nd3+ 51. Ke2 N5b4 52. Nb3 Re1+ 53. Kd2 Rg1 54. Rg8 Ne1 55. Nbc5+ Kf7 56. Rb8 Nec2 57. Kc3 Rxg2 58. Rb7+ Kg6 59. Rb6+ Kg7 60. Kc4 Ne3+ 61. Kb3 Nbc2 62. Rb7+ Kg6 63. Rb6+ Kh5 64. Ne6 Na1+ 65. Ka4 Ra2+ 66. Kb5 Rb2+ 67. Kc6 Rxb6+ 68. Kxb6 Nac2 69. Kc5 Ne1 70. Nd2 Kh4 71. Nf8 Kxh3 72. Ng6 Nd3+ 73. Kd6 Kg3 74. Nxe5 Nxe5 75. Kxe5 h5 76. Ne4+ Kxf3 77. Nd2+ Kg4 78. Ke4 Nf5 79. Kd3 Ng3 80. Nc4 h4 81. Ne5+ Kf5 82. Nf3 h3 83. Nh2 Kg5 84. Kd2 Kf5 85. Ke1 Ne4 86. Ke2 Ng5 87. Kf2 Ke4 88. Ng4 Nf3 89. Nh6 Ne5 90. Kg1 Kd3 91. Kh2 f3 92. Nf5 Ke2 93. Nd4+ 1/2-1/2

[Event "Recife"]
[Site "Recife"]
[Date "2013.08.15"]
[Round "1"]
[White "Rodi, Luis Ernesto"]
[Black "Asfora, Marco Antonio Hazin"]
[Result "1-0"]
[WhiteElo "2363"]
[BlackElo "2225"]
[PlyCount "103"]
[EventDate "2013.08.15"]
[EventType "tourn"]
[EventRounds "9"]
[EventCountry "BRA"]
[EventCategory "1"]
[SourceTitle "CBM 156 Extra"]
[Source "ChessBase"]
[SourceDate "2013.10.22"]
[SourceVersion "1"]
[SourceVersionDate "2013.10.22"]
[SourceQuality "1"]

1. d4 Nf6 2. c4 g6 3. Nc3 Bg7 4. e4 d6 5. f3 0-0 6. Be3 e5 7. Nge2 c6 8. Qd2 Nbd7 9. d5 cxd5 10. cxd5 a6 11. g4 h5 12. h3 b5 13. Bg5 Qb6 14. Ng3 Nh7 15. Be3 Qd8 16. gxh5 Qh4 17. Rg1 f5 18. hxg6 f4 19. gxh7+ Kh8 20. Qg2 Nf6 21. Bf2 fxg3 22. Qxg3 Qxg3 23. Bxg3 Nh5 24. Be2 Nxg3 25. Rxg3 Ra7 26. 0-0-0 Bh6+ 27. Kc2 Rxh7 28. Rg6 Rd8 29. Rh1 Bd7 30. a3 Bf4 31. h4 Be8 32. Rg2 Bh5 33. Kb3 Be3 34. Nd1 Bd4 35. Nf2 Rc8 36. Nd3 Rf7 37. Rf1 Rcf8 38. Rg3 Rg7 39. Rxg7 Kxg7 40. Nb4 Ra8 41. Rc1 Bc5 42. Nd3 Bd4 43. Rc7+ Kg8 44. Rc6 Rf8 45. Rxd6 Bxf3 46. Bxf3 Rxf3 47. Kc2 Re3 48. Re6 Re2+ 49. Kd1 Rxe4 50. d6 Bb6 51. Nxe5 Rd4+ 52. Kc2 1-0

[Event "BRA-ch Seniors"]
[Site "Joao Pessoa"]
[Date "2012.07.28"]
[Round "3"]
[White "Asfora, Marco Antonio Hazin"]
[Black "Schwab, Francisco Carlos"]
[Result "1-0"]
[WhiteElo "2208"]
[BlackElo "2107"]
[PlyCount "94"]
[EventDate "2012.07.27"]
[EventType "swiss"]
[EventRounds "6"]
[EventCountry "BRA"]
[SourceTitle "EXT 2014"]
[Source "ChessBase"]
[SourceDate "2013.11.20"]
[SourceVersion "1"]
[SourceVersionDate "2013.11.20"]
[SourceQuality "1"]

1. d4 Nf6 2. Nf3 d5 3. c4 c6 4. Nc3 e6 5. Bg5 Nbd7 6. e3 Be7 7. Bd3 dxc4 8. Bxc4 b5 9. Bd3 Bb7 10. Rc1 a6 11. e4 c5 12. e5 cxd4 13. exf6 gxf6 14. Be4 Bxe4 15. Nxe4 fxg5 16. Qxd4 0-0 17. 0-0 g4 18. Rfd1 gxf3 19. Qxd7 Qxd7 20. Rxd7 Rfc8 21. Rcd1 Kf8 22. gxf3 f5 23. Nc3 Rd8 24. a4 bxa4 25. Nxa4 Ke8 26. Rxd8+ Rxd8 27. Rc1 Rd5 28. b3 h5 29. Rc3 Rd6 30. Rc8+ Kd7 31. Ra8 Rc6 32. Kf1 h4 33. h3 Rc1+ 34. Kg2 Rc6 35. f4 Kc7 36. Ra7+ Kd6 37. Nb2 Bf6 38. Nc4+ Kc5 39. Kf3 Kb4 40. Rb7+ Kc3 41. Ke2 Bd8 42. Nd2 Bc7 43. Nc4 Bxf4 44. Na5 Rc5 45. Kf3 Bh2 46. Nc4 Rb5 47. Ra7 e5 1-0

[Event "BRA-ch Seniors"]
[Site "Joao Pessoa"]
[Date "2012.07.27"]
[Round "2"]
[White "Lucena, Helianto dos Santos"]
[Black "Asfora, Marco Antonio Hazin"]
[Result "0-1"]
[WhiteElo "1919"]
[BlackElo "2208"]
[PlyCount "106"]
[EventDate "2012.07.27"]
[EventType "swiss"]
[EventRounds "6"]
[EventCountry "BRA"]
[SourceTitle "EXT 2014"]
[Source "ChessBase"]
[SourceDate "2013.11.20"]
[SourceVersion "1"]
[SourceVersionDate "2013.11.20"]
[SourceQuality "1"]

1. d4 Nf6 2. c4 g6 3. Nc3 Bg7 4. e4 d6 5. Nf3 0-0 6. Be2 e5 7. dxe5 dxe5 8. Bg5 Nbd7 9. 0-0 c6 10. Qc2 Re8 11. Rad1 Qc7 12. b4 a5 13. b5 Nc5 14. a4 Nfd7 15. Be3 Ne6 16. Qd2 Bf8 17. Na2 Ndc5 18. Qc2 Bg7 19. Rd2 Rd8 20. Rxd8+ Qxd8 21. Rd1 Qe7 22. Nc3 Bd7 23. Qd2 Be8 24. Qd6 Qxd6 25. Rxd6 Bf8 26. Rd1 f6 27. Kf1 Nd7 28. Rc1 Bb4 29. Bd1 Ndc5 30. Bxc5 Nxc5 31. Nd2 Rd8 32. Ke2 Nd3 33. Rc2 Nf4+ 34. Ke1 Nxg2+ 35. Ke2 Nf4+ 36. Ke1 Rd3 37. Na2 Bc5 38. Be2 Ra3 39. Kf1 Bf7 40. Nb1 Rxa4 41. Nbc3 Ra3 42. bxc6 bxc6 43. Nb1 Rh3 44. Kg1 Nxe2+ 45. Rxe2 Bxc4 46. Rc2 Bxa2 47. Rxa2 Bb4 48. Kg2 Rd3 49. h3 c5 50. f3 c4 51. Kg3 c3 52. Na3 Bxa3 53. Rxa3 c2 0-1

[Event "Natal op-A 9th"]
[Site "Natal"]
[Date "2012.02.17"]
[Round "1"]
[White "Asfora, Marco Antonio Hazin"]
[Black "Pinheiro, Emanuel Eliez Jr"]
[Result "1/2-1/2"]
[WhiteElo "2221"]
[BlackElo "1931"]
[PlyCount "244"]
[EventDate "2012.02.17"]
[EventType "swiss"]
[EventRounds "7"]
[EventCountry "BRA"]
[SourceTitle "CBM 147 Extra"]
[Source "ChessBase"]
[SourceDate "2012.04.24"]
[SourceVersion "1"]
[SourceVersionDate "2012.04.24"]
[SourceQuality "1"]

1. d4 Nf6 2. Nf3 e6 3. c4 Bb4+ 4. Bd2 Qe7 5. Nc3 c5 6. e3 Bxc3 7. Bxc3 Ne4 8. Qc2 f5 9. dxc5 0-0 10. Be2 Nxc3 11. Qxc3 Qxc5 12. 0-0 b6 13. Rfd1 Bb7 14. Qd4 Qxd4 15. Rxd4 d5 16. Ne5 Nc6 17. Nxc6 Bxc6 18. Bf3 Rfd8 19. Rad1 Rac8 20. g3 g6 21. cxd5 Bxd5 22. Bxd5 exd5 23. Rxd5 Rxd5 24. Rxd5 Rc7 25. a4 Kf7 26. a5 bxa5 27. Rxa5 Kf6 28. h4 h6 29. Ra6+ Kg7 30. Kg2 Rb7 31. b3 h5 32. Kf3 Rxb3 33. Rxa7+ Kf6 34. Ra6+ Kg7 35. Rd6 Rb2 36. Rd4 Ra2 37. e4 fxe4+ 38. Rxe4 Ra5 39. Rd4 Rf5+ 40. Ke3 Re5+ 41. Re4 Ra5 42. f3 Rb5 43. Rd4 Re5+ 44. Kf4 Rf5+ 45. Ke4 Ra5 46. Rd5 Ra4+ 47. Ke5 Ra3 48. Rd7+ Kh6 49. g4 hxg4 50. fxg4 Rf3 51. Rd6 Kg7 52. Rd7+ Kh6 53. Rd4 Kg7 54. Ra4 Rf1 55. g5 Re1+ 56. Re4 Rf1 57. Kd6 Rd1+ 58. Ke7 Rf1 59. Ke8 Rf8+ 60. Kd7 Rf1 61. Re7+ Kf8 62. Re8+ Kf7 63. Re7+ Kf8 64. Re4 Kf7 65. Rd4 Re1 66. Kd6 Re2 67. Rf4+ Kg7 68. Rc4 Rd2+ 69. Ke6 Re2+ 70. Kd5 Rd2+ 71. Rd4 Re2 72. Re4 Rd2+ 73. Ke6 Rf2 74. Rb4 Re2+ 75. Kd5 Rd2+ 76. Ke4 Rh2 77. Kf3 Rh1 78. Rb7+ Kg8 79. Kg4 Rg1+ 80. Kf4 Rf1+ 81. Ke5 Rf2 82. Rb8+ Kg7 83. Rb7+ Kg8 84. Ra7 Rf1 85. Ra6 Kg7 86. Ra4 Re1+ 87. Re4 Rf1 88. Kd6 Rd1+ 89. Ke7 Rf1 90. Kd7 Rd1+ 91. Ke8 Rf1 92. Re7+ Kg8 93. Kd7 Rf2 94. Ke6 Rf1 95. Rc7 Rf2 96. Ke5 Rf1 97. Rc8+ Kg7 98. Rc3 Re1+ 99. Kf4 Rf1+ 100. Rf3 Rh1 101. Kg4 Rg1+ 102. Rg3 Rf1 103. Ra3 Rg1+ 104. Kh3 Rh1+ 105. Kg3 Rg1+ 106. Kh2 Rc1 107. Ra7+ Kg8 108. Kg2 Rc3 109. Kf2 Rb3 110. Re7 Ra3 111. Re3 Ra2+ 112. Kg3 Kg7 113. Rb3 Ra4 114. Rf3 Rb4 115. Rf4 Rb3+ 116. Kg4 Rb1 117. Rf2 Rb4+ 118. Kg3 Ra4 119. Rf6 Rb4 120. h5 gxh5 121. Rh6 Rg4+ 122. Kh3 Rxg5 1/2-1/2

[Event "Fortaleza op 26th"]
[Site "Fortaleza"]
[Date "2011.11.23"]
[Round "5"]
[White "Pinheiro, Iung Alicio"]
[Black "Asfora, Marco Antonio Hazin"]
[Result "1-0"]
[WhiteElo "2306"]
[BlackElo "2219"]
[PlyCount "69"]
[EventDate "2011.11.19"]
[EventType "swiss"]
[EventRounds "7"]
[EventCountry "BRA"]
[SourceTitle "CBM 145 Extra"]
[Source "ChessBase"]
[SourceDate "2012.01.03"]
[SourceVersion "1"]
[SourceVersionDate "2012.01.03"]
[SourceQuality "1"]

1. c4 Nf6 2. g3 e6 3. Bg2 d5 4. Nf3 Be7 5. b3 0-0 6. 0-0 c5 7. Bb2 Nc6 8. e3 b6 9. Nc3 Ba6 10. d3 Rc8 11. Qe2 Qc7 12. Rad1 Rfd8 13. Ne1 Qb8 14. Nb5 Bb7 15. Nf3 Ba8 16. Nc3 a6 17. cxd5 exd5 18. Bh3 Rc7 19. Nb1 b5 20. Nbd2 c4 21. bxc4 bxc4 22. Rb1 Rb7 23. Ba1 cxd3 24. Qxd3 Nb4 25. Qe2 Ne4 26. Nb3 Qd6 27. Na5 Rb5 28. Nb3 Bf6 29. Nbd4 Rbb8 30. Nf5 Qc5 31. Bxf6 Nxf6 32. N3d4 Qc4 33. Qf3 Nc6 34. Nxc6 Bxc6 35. Rbc1 1-0

[Event "Fortaleza op 26th"]
[Site "Fortaleza"]
[Date "2011.11.19"]
[Round "1"]
[White "Asfora, Marco Antonio Hazin"]
[Black "Ribeiro, Orlando Alves"]
[Result "1-0"]
[WhiteElo "2219"]
[BlackElo "1919"]
[PlyCount "71"]
[EventDate "2011.11.19"]
[EventType "swiss"]
[EventRounds "7"]
[EventCountry "BRA"]
[SourceTitle "CBM 145 Extra"]
[Source "ChessBase"]
[SourceDate "2012.01.03"]
[SourceVersion "1"]
[SourceVersionDate "2012.01.03"]
[SourceQuality "1"]

1. d4 Nf6 2. Nf3 e6 3. c4 b6 4. g3 Bb7 5. Bg2 Be7 6. 0-0 0-0 7. Nc3 Ne4 8. Qc2 Nxc3 9. Qxc3 f5 10. b3 Bf6 11. Bb2 d6 12. Rfd1 Nd7 13. Ng5 Bxg5 14. Bxb7 Rb8 15. Bg2 f4 16. Qc2 Qe7 17. Qe4 Nf6 18. Qc6 fxg3 19. hxg3 Ng4 20. Bf3 Nf6 21. b4 Rfd8 22. Bc1 Bxc1 23. Raxc1 Qd7 24. b5 Qxc6 25. Bxc6 d5 26. cxd5 exd5 27. Rd3 Kf8 28. Ra3 Ke7 29. Rxa7 Kd6 30. Bb7 Rd7 31. f3 Re7 32. Kf2 Rbe8 33. Rc2 Rf7 34. Ba6 Ng4+ 35. Kg1 Ne3 36. Rc6+ 1-0

[Event "Joao Pessoa Veteranos Nordeste 2nd"]
[Site "Joao Pessoa"]
[Date "2011.11.04"]
[Round "1.1"]
[White "Melo, Fernando Antonio Al"]
[Black "Asfora, Marco Antonio Hazin"]
[Result "0-1"]
[WhiteElo "1845"]
[BlackElo "2219"]
[PlyCount "87"]
[EventDate "2011.11.04"]
[EventType "swiss"]
[EventRounds "5"]
[EventCountry "BRA"]
[SourceTitle "EXT 2022"]
[Source "ChessBase"]
[SourceDate "2021.10.06"]
[SourceVersion "1"]
[SourceVersionDate "2021.10.06"]
[SourceQuality "1"]

1. f4 g6 2. Nf3 Bg7 3. g3 Nf6 4. Bg2 c5 5. 0-0 Nc6 6. d3 d5 7. Na3 0-0 8. c4 d4 9. Nc2 Bf5 10. Bd2 a5 11. a3 a4 12. Rb1 Qc7 13. b4 axb3 14. Rxb3 Nd7 15. Qb1 b6 16. Ne5 Ndxe5 17. fxe5 Ra6 18. Bxc6 Qxc6 19. e4 Bh3 20. Rf4 Bxe5 21. Rh4 Bd7 22. Qc1 Qd6 23. Bf4 Ba4 24. Rb2 Bxf4 25. Rxf4 Bxc2 26. Rxc2 Rfa8 27. Ra2 f6 28. Rff2 Kg7 29. Rfb2 Qe6 30. Re2 h5 31. Rf2 Qg4 32. Rf4 Qg5 33. Qb2 e5 34. Rf3 h4 35. Kg2 hxg3 36. Rxg3 Qh5 37. Qb5 g5 38. Qd7+ Qf7 39. Qf5 Rh8 40. Rf2 Ra7 41. Rgf3 Rh6 42. a4 Qd7 43. Qxd7+ Rxd7 44. Rb2 0-1

[Event "Recife CBX"]
[Site "Recife"]
[Date "2011.08.12"]
[Round "5"]
[White "Lima, Luiz Alexandre de S"]
[Black "Asfora, Marco Antonio Hazin"]
[Result "1-0"]
[WhiteElo "1980"]
[BlackElo "2227"]
[PlyCount "45"]
[EventDate "2011.08.09"]
[EventType "tourn"]
[EventRounds "9"]
[EventCountry "BRA"]
[SourceTitle "CBM 143 Extra"]
[Source "ChessBase"]
[SourceDate "2011.08.29"]
[SourceVersion "1"]
[SourceVersionDate "2011.08.29"]
[SourceQuality "1"]

1. e4 g6 2. Nc3 Bg7 3. d4 d6 4. Be2 Nf6 5. h4 h5 6. Bg5 c6 7. Qd2 Nbd7 8. Nf3 Qc7 9. 0-0-0 Ng4 10. Bd3 f6 11. e5 Nf8 12. exf6 Nxf6 13. Kb1 Bg4 14. Rde1 0-0-0 15. d5 c5 16. Nb5 Qb6 17. Rxe7 Rd7 18. Rxg7 Rxg7 19. Bxf6 Rgg8 20. Bxh8 Rxh8 21. Qf4 Kb8 22. Qf6 Rg8 23. Qf7 1-0